World Capitals in 1939 - Statistics

General Stats
  • This quiz has been taken 33 times
    24 since last reset
  • The average score is 70 of 77
Answer Stats
Country Capital % Correct
Netherlands Amsterdam
100%
Greece Athens
100%
Germany Berlin
100%
Ireland Dublin
100%
Guatemala Guatemala City
100%
Cuba Havana
100%
Portugal Lisbon
100%
Luxembourg Luxembourg City
100%
Mexico Mexico City
100%
Monaco Monaco City
100%
Soviet Union Moscow
100%
Panama Panama City
100%
Czechoslovakia Prague
100%
Italy Rome
100%
San Marino San Marino
100%
El Salvador San Salvador
100%
Poland Warsaw
100%
United States Washington, D.C.
100%
Andorra Andorra la Vella
95%
Turkey Ankara
95%
Spain Barcelona
95%
Belgium Brussels
95%
Romania Bucharest
95%
Hungary Budapest
95%
Argentina Buenos Aires
95%
Egypt Cairo
95%
Denmark Copenhagen
95%
Finland Helsinki
95%
Peru Lima
95%
United Kingdom London
95%
Uruguay Montevideo
95%
Norway Oslo
95%
Canada Ottawa
95%
France Paris
95%
South Africa Pretoria / Cape Town / Bloemfontein / Pietermaritzburg
95%
Iceland Reykjavik
95%
Latvia Riga
95%
Brazil Rio de Janeiro
95%
Bulgaria Sofia
95%
Sweden Stockholm
95%
Albania Tirana
95%
Japan Tokyo
95%
Liechtenstein Vaduz
95%
Vatican City Vatican City
95%
Lithuania Vilnius
95%
Ethiopia Addis Ababa
90%
Paraguay Asunción
90%
Iraq Baghdad
90%
Yugoslavia Belgrade
90%
Switzerland Bern
90%
Colombia Bogotá
90%
Venezuela Caracas
90%
Afghanistan Kabul
90%
Bolivia La Paz / Sucre
90%
Liberia Monrovia
90%
Haiti Port-au-Prince
90%
Ecuador Quito
90%
Chile Santiago
90%
Estonia Tallinn
90%
Iran Tehran
90%
Siam Bangkok
86%
Australia Canberra
86%
Dominican Republic Ciudad Trujillo
86%
Danzig Danzig
86%
Nepal Kathmandu
86%
Nicaragua Managua
86%
Yemen Sana'a
86%
Costa Rica San José
86%
Mongolia Ulaanbaatar
86%
New Zealand Wellington
86%
Saudi Arabia Riyadh
81%
Honduras Tegucigalpa
76%
China Nanking
71%
Tibet Lhasa
62%
Newfoundland St. John's
57%
Tuva Kyzyl
24%
Hatay Antakya
19%
No matching quizzes found
Score Distribution
Percent of People with Each Score
Percentile by Number Answered
Your Score History
You have not taken this quiz since the last reset